| 000 | 00862nas a2200277 4500 | ||
|---|---|---|---|
| 001 | BR2017000618 | ||
| 003 | BR-BrBNA | ||
| 005 | 20231205130838.0 | ||
| 007 | ta | ||
| 008 | 230509b bl.|||p| |||| 00| 00por d | ||
| 040 |
_aBR-BrBNA _bpor _cBiblioteca Nacional de Agricultura |
||
| 041 | _a(Pt) | ||
| 072 | _aL53 | ||
| 100 | 1 | _aFranco, G.L. | |
| 100 | 1 | _aFaria, F.J. | |
| 100 | 1 | _aD'Oliveira, M.C. | |
| 245 | 1 | _aInteração entre nutrição e reprodução em vacas de corte | |
| 650 | _aGADO DE CORTE | ||
| 650 | _aREPRODUÇÃO ANIMAL | ||
| 650 | _aNUTRIÇÃO | ||
| 650 | _aFERTILIDADE | ||
| 650 | _aPRODUÇÃO ANIMAL | ||
| 773 | 0 |
_tInforme Agropecuário - Empresa de Pesquisa Agropecuária de Minas Gerais (Brazil) _xISSN 0100-3364 _g(2016), v. 37(292) p. 40-47 _wBR2017000618 |
|
| 909 |
_a202311 _bLúcia _c55 _dLúcia Elande |
||
| 942 |
_2AGRIS _n0 _cANA |
||
| 999 |
_c251615 _d251615 |
||